Lúa tím : Thơ /

में बचाया:
ग्रंथसूची विवरण
मुख्य लेखक: Nguyễn Thụy Kha.
स्वरूप: Sách giấy
भाषा:Vietnamese
प्रकाशित: H. : Hội nhà văn, 2012.
विषय:
टैग : टैग जोड़ें
कोई टैग नहीं, इस रिकॉर्ड को टैग करने वाले पहले व्यक्ति बनें!
Thư viện lưu trữ: Thư viện Trường Đại học Đà Lạt
LEADER 00655nam a2200289 4500
001 DLU190193119
005 ##20191022
040 # # |a DLU  |b vie 
041 # # |a vie 
044 # # |a vn 
082 # # |a 895.922 1  |b NG-K 
100 # # |a Nguyễn Thụy Kha. 
245 # # |a Lúa tím :  |b Thơ /  |c Nguyễn Thụy Kha. 
260 # # |a H. :  |b Hội nhà văn,  |c 2012. 
300 # # |a 139 tr. ;  |c 19 cm. 
650 # # |a Thơ Việt Nam. 
923 # # |a 06/2019 
991 # # |a SH 
992 # # |a 55000 
994 # # |a DLU 
900 # # |a True 
911 # # |a Nguyễn Thanh Hương 
925 # # |a G 
926 # # |a A 
927 # # |a SH 
980 # # |a Thư viện Trường Đại học Đà Lạt